000 00425cam a22001337a 4500
008 180718b1990 xxu||||| |||| 00| 0 eng d
082 _aAPPPA 89-90 GRO
100 _aGrover, R.S.
245 _aInvestment in railway electrification: an analytical study
_cby R.S. Grover
260 _aNew Delhi
_bIndian Institute of Public Administration
_c1990
300 _a151p.
650 _aRailway electrification
650 _aInvestment
999 _c501514
_d501514